|
|
|
|
| LEADER |
01170cam a2200301 a 4500 |
| 001 |
31969 |
| 003 |
BD-DhAAL |
| 005 |
20211115125052.0 |
| 008 |
170808s2010 ilua b 001 0 eng c |
| 999 |
|
|
|c 38237
|d 38237
|
| 010 |
|
|
|a 2010018373
|
| 020 |
|
|
|a 9780226550275 (pbk. : alk. paper)
|
| 020 |
|
|
|a 0226550273 (pbk. : alk. paper)
|
| 040 |
|
|
|a ICU/DLC
|c DLC
|d BD-DhAAL
|
| 050 |
0 |
0 |
|a CB478
|b .M8 2010
|
| 082 |
0 |
0 |
|a 303.483
|2 22
|
| 100 |
1 |
|
|a Mumford, Lewis,
|d 1895-1990.
|9 21927
|
| 245 |
1 |
0 |
|a Technics and civilization /
|c by Lewis Mumford ; with a new foreword by Langdon Winner.
|
| 260 |
|
|
|a Chicago ;
|a London :
|b The University of Chicago Press,
|c 2010.
|
| 300 |
|
|
|a xxvii, 495 pages :
|b illustrations ;
|c 23 cm.
|
| 504 |
|
|
|a Includes bibliographical references (p. 447-474) and index.
|
| 526 |
|
|
|a ARC
|
| 541 |
|
|
|e 31969
|
| 650 |
|
0 |
|a Technology and civilization.
|9 21928
|
| 650 |
|
0 |
|a Industrial arts
|x History.
|9 21929
|
| 650 |
|
0 |
|a Architecture
|9 42655
|
| 942 |
|
|
|2 ddc
|c BK
|
| 952 |
|
|
|0 0
|1 0
|2 ddc
|4 0
|6 303_483000000000000_MUM
|7 0
|9 60966
|a BRACUL
|b BRACUL
|c GEN
|d 2017-07-31
|e Development Book Agency
|g 3965.00
|l 0
|o 303.483 MUM
|p 3010031969
|r 2017-07-31
|t 1
|v 3965.00
|w 2017-07-31
|y BK
|